000 00328nam a2200157Ia 4500
003 0STCL
008 150530s9999 xx 000 0 und d
040 _aSTCL
_cSTCL
100 _aRennell Rodd
245 _aFrederick
260 _c1888
546 _aEnglish
942 _2ddc
_cBK
999 _c69122
_d69122
005 20220125171412.0